000 00566nam a2200229Ia 4500
003 OSt
005 20220928112559.0
006 a|||||r|||| 00| 0
007 ta
008 220927b |||||||| |||| 00| 0 eng d
024 _a26601
037 _cTextual
040 _aSDCL
_cSDCL
_beng
041 _2eng
_aeng
082 _aV2jN31, N3
100 _aSinghvi L M
_9428893
245 0 _aToward a new global order.
260 _aNew
_b#NAME?
_c1993
300 _aLxi,
_ccm.
942 _hV2jN31, N3
_cTEXL
_2CC
999 _c745387
_d745387